[Event "27th CRO-Cup"]
[Site "Mali Losinj"]
[Date "2018.05.20"]
[Round "6.111"]
[White "Novak, Ratko"]
[Black "Matko, Ognjen"]
[Result "0-1"]
[WhiteElo "2158"]
[BlackElo "2305"]
[PlyCount "106"]
[EventDate "2018.05.16"]

1. d4 Nf6 2. Nf3 g6 3. c4 Bg7 4. Nc3 O-O 5. e4 d6 6. Be2 e5 7. dxe5 dxe5 8.
Qxd8 Rxd8 9. Bg5 Rf8 10. h3 c6 11. O-O-O h6 12. Be3 Nbd7 13. g4 Re8 14. Rd2 Bf8
15. Rhd1 Kg7 16. Ne1 Bb4 17. f3 Nc5 18. Kc2 Ne6 19. Nd3 Bd6 20. c5 Bc7 21. b4
Nd7 22. Nb2 Ndf8 23. Nc4 Nf4 24. Bxf4 exf4 25. Nd6 Re7 26. Bc4 g5 27. Ne2 Be6
28. Nd4 Kg6 29. Bxe6 Nxe6 30. Nxb7 Nxd4+ 31. Rxd4 Rb8 32. Nd6 Bxd6 33. Rxd6+
Kg7 34. Kc3 a5 35. a3 axb4+ 36. axb4 Reb7 37. R1d4 Ra7 38. Kc4 Ra3 39. Rd3 Ra6
40. Rd7 Ra1 41. Rc7 Rc1+ 42. Rc3 Rb1 43. Rb3 Rc1+ 44. Rc3 Rb1 45. Rxc6 R8xb4+
46. Kd5 Rd1+ 47. Ke5 Rb8 48. Rd6 Re8+ 49. Kf5 Ra1 50. c6 Ra5+ 51. Rd5 Rxd5+ 52.
exd5 f6 53. Re3 Rxe3 0-1

[Event "27th CRO-Cup"]
[Site "Mali Losinj"]
[Date "2018.05.20"]
[Round "6.112"]
[White "Muzina, Marin"]
[Black "Kelemen, Miljenko"]
[Result "1/2-1/2"]
[WhiteElo "1944"]
[BlackElo "1961"]
[PlyCount "144"]
[EventDate "2018.05.16"]

1. d4 Nf6 2. Bf4 g6 3. h3 Bg7 4. e3 O-O 5. Nf3 d6 6. c3 Nbd7 7. Bc4 b6 8. Nbd2
Bb7 9. O-O Nh5 10. Bh2 Kh8 11. Qb3 a5 12. a4 Qe8 13. e4 e5 14. Rfe1 Qe7 15. Bd5
c6 16. Bc4 Rae8 17. Bf1 Qd8 18. Nc4 Qc7 19. Rad1 Nf4 20. dxe5 dxe5 21. Nd6 Re7
22. Bc4 Nc5 23. Qc2 Bc8 24. Nxc8 Rxc8 25. b4 axb4 26. cxb4 Nce6 27. Bxe6 Nxe6
28. Qb2 f6 29. Nd4 Nxd4 30. Rxd4 Qa7 31. Rd6 Qxa4 32. Red1 c5 33. b5 Qxe4 34.
Rxb6 Ree8 35. Bg3 c4 36. Qb1 Qe2 37. Rc6 c3 38. Rc1 Rxc6 39. bxc6 Qc4 40. Qa1
c2 41. Qb2 Qxc6 42. Rxc2 Qe6 43. Qb7 h5 44. Rc7 Bf8 45. f3 Kg8 46. Bf2 e4 47.
fxe4 Qxe4 48. Qxe4 Rxe4 49. Rc8 Kf7 50. Rc6 Bb4 51. Rc7+ Ke6 52. Bc5 Be1 53.
Re7+ Kf5 54. Rxe4 Kxe4 55. Kf1 Bc3 56. Ke2 Bd4 57. Bd6 g5 58. Bc7 h4 59. Bd6
Be5 60. Bc5 f5 61. Be7 Kf4 62. Bd8 Bd4 63. Bc7+ Ke4 64. Bd8 Be3 65. Bc7 Bf4 66.
Bd8 Ke5 67. Kf3 Ke6 68. Bb6 Kf6 69. Bf2 Kg6 70. Bxh4 gxh4 71. Kxf4 Kf6 72. g4
fxg4 1/2-1/2

[Event "27th CRO-Cup"]
[Site "Mali Losinj"]
[Date "2018.05.20"]
[Round "6.113"]
[White "Hanjs, Vladimir"]
[Black "Horina, Miroslav"]
[Result "0-1"]
[WhiteElo "1796"]
[BlackElo "1851"]
[PlyCount "65"]
[EventDate "2018.05.16"]

1. e4 e5 2. Nf3 Nc6 3. Bc4 Nf6 4. d3 Be7 5. Nc3 d6 6. h3 h6 7. O-O O-O 8. Be3
Na5 9. Bb3 Nxb3 10. axb3 a6 11. Qd2 Nh7 12. Nd5 f5 13. Nxe7+ Qxe7 14. exf5 Bxf5
15. Kh2 Be6 16. Qb4 c5 17. Qh4 Nf6 18. Qg3 Nh5 19. Qg6 Nf4 20. Bxf4 Rxf4 21.
Ra4 Raf8 22. Rxf4 Rxf4 23. Ra1 Bd5 24. Qg3 Bxf3 25. gxf3 Qf7 26. Kg2 Rf6 27.
Ra4 h5 28. Kf1 Rg6 29. Qh4 Qxf3 30. Re4 Qd1+ 31. Re1 Qxc2 32. Qxh5 Qxd3+ 33.
Re2 0-1

[Event "27th CRO-Cup"]
[Site "Mali Losinj"]
[Date "2018.05.20"]
[Round "6.131"]
[White "Zelic, Zdravko"]
[Black "Mrdja, Milan"]
[Result "1-0"]
[WhiteElo "2343"]
[BlackElo "2296"]
[PlyCount "111"]
[EventDate "2018.05.16"]

1. e4 c5 2. Nf3 d6 3. d4 cxd4 4. Nxd4 Nf6 5. Nc3 a6 6. Be3 e5 7. Nb3 Be6 8. f3
h5 9. Qd2 Nbd7 10. Nd5 Bxd5 11. exd5 Be7 12. Na5 Qc7 13. c4 O-O 14. Be2 Bd8 15.
b4 Qb8 16. Nb3 b6 17. O-O Qb7 18. Rfd1 Bc7 19. Rab1 Rfb8 20. Rbc1 a5 21. c5
bxc5 22. bxc5 dxc5 23. Nxc5 Nxc5 24. Rxc5 Bb6 25. Rb5 Bxe3+ 26. Qxe3 Qd7 27. a4
Rxb5 28. Bxb5 Qd6 29. Re1 Rd8 30. Qxe5 Qb4 31. Rd1 Qc5+ 32. Qd4 Qxd5 33. Qxd5
Rxd5 34. Rxd5 Nxd5 35. Kf2 Kf8 36. Bc6 Nb4 37. Bb5 Nd5 38. Bc4 Nb6 39. Bb3 Ke7
40. Ke3 f6 41. h4 g5 42. g3 Nd7 43. Bd1 gxh4 44. gxh4 Ne5 45. Bc2 Kd6 46. f4
Nd7 47. Ke4 Nc5+ 48. Kf5 Ke7 49. Bd1 Ne6 50. Bxh5 Ng7+ 51. Kg4 Ne6 52. Bg6 Nd4
53. h5 Kf8 54. h6 Kg8 55. Kg3 Kf8 56. Kf2 1-0

[Event "27th CRO-Cup"]
[Site "Mali Losinj"]
[Date "2018.05.20"]
[Round "6.132"]
[White "Cupic, Lovro"]
[Black "Zelic, Branko"]
[Result "0-1"]
[WhiteElo "2231"]
[BlackElo "2242"]
[PlyCount "80"]
[EventDate "2018.05.16"]

1. e4 c6 2. d4 d5 3. Nc3 dxe4 4. Nxe4 Bf5 5. Nc5 Qc7 6. Bd3 Bxd3 7. Qxd3 e6 8.
Ne4 Nd7 9. Ne2 Ngf6 10. Bf4 Qa5+ 11. Bd2 Qb6 12. O-O-O Nxe4 13. Qxe4 Nf6 14.
Qe5 Nd7 15. Qg3 O-O-O 16. Bg5 Nf6 17. Bxf6 gxf6 18. Qf3 f5 19. Kb1 Rd7 20. Rd3
Rg8 21. h3 Qa5 22. c4 Qb4 23. Rc1 Bg7 24. Rb3 Qd6 25. d5 exd5 26. Qxf5 dxc4 27.
Rxc4 Qg6 28. Ng3 Re8 29. a3 Re5 30. Qxg6 hxg6 31. Ne4 Rd1+ 32. Kc2 Red5 33. Rf3
f5 34. Nc3 R5d2+ 35. Kb3 Rb1 36. Nxb1 Rxb2+ 37. Ka4 b5+ 38. Ka5 bxc4 39. Rg3
Be5 40. Rxg6 Kb7 0-1

[Event "27th CRO-Cup"]
[Site "Mali Losinj"]
[Date "2018.05.20"]
[Round "6.133"]
[White "Kurecic, Mladen"]
[Black "Glazar, Domagoj"]
[Result "0-1"]
[WhiteElo "2042"]
[BlackElo "2133"]
[PlyCount "94"]
[EventDate "2018.05.16"]

1. d4 Nf6 2. Nf3 c5 3. c3 g6 4. g3 Bg7 5. Bg2 O-O 6. O-O d6 7. Re1 Nc6 8. d5
Nb8 9. c4 e6 10. e4 exd5 11. exd5 Na6 12. Nc3 Nc7 13. Bg5 h6 14. Bd2 Rb8 15. a4
a6 16. Qb3 b6 17. Ne4 Nxe4 18. Rxe4 Bf5 19. Re2 b5 20. Bc3 Bxc3 21. Qxc3 bxc4
22. Qxc4 Qf6 23. Qa2 Bg4 24. Qa3 Nxd5 25. h3 Bxf3 26. Bxf3 Nb4 27. Rd1 Rfd8 28.
Qc3 Kg7 29. Red2 a5 30. Qxf6+ Kxf6 31. Rxd6+ Rxd6 32. Rxd6+ Ke5 33. Rd2 c4 34.
Be2 Rc8 35. Kg2 Rc5 36. h4 Rd5 37. f4+ Kd6 38. Rd1 Rxd1 39. Bxd1 Nd3 40. h5
Nxb2 41. hxg6 fxg6 42. Bc2 Nd3 43. Bb1 Kd5 44. Kf3 Kd4 45. g4 Kc3 46. Kg3 Ne1
47. Bxg6 Nd3 0-1

[Event "27th CRO-Cup"]
[Site "Mali Losinj"]
[Date "2018.05.20"]
[Round "6.134"]
[White "Gujic, Vladimir"]
[Black "Tretinjak, Dario"]
[Result "1/2-1/2"]
[WhiteElo "2073"]
[BlackElo "1886"]
[PlyCount "61"]
[EventDate "2018.05.16"]

1. Nf3 Nf6 2. c4 e6 3. e3 b6 4. b3 Bb7 5. Bb2 Be7 6. Be2 O-O 7. O-O c5 8. d3 d5
9. Nbd2 Nc6 10. a3 Qc7 11. Rc1 Rad8 12. cxd5 Nxd5 13. Qc2 Qd7 14. Rfd1 Bf6 15.
Nc4 Bxb2 16. Qxb2 Qe7 17. Bf1 Nf6 18. Nce5 Nxe5 19. Nxe5 Nd7 20. Nxd7 Rxd7 21.
b4 cxb4 22. axb4 Rc8 23. Rxc8+ Bxc8 24. Rc1 Rc7 25. b5 Rxc1 26. Qxc1 Qd7 27. d4
Bb7 28. f3 g6 29. Qa3 Ba8 30. Qc3 Bb7 31. Qa3 1/2-1/2

[Event "27th CRO-Cup"]
[Site "Mali Losinj"]
[Date "2018.05.20"]
[Round "6.141"]
[White "Basrak, Srdjan"]
[Black "Boban, Sten"]
[Result "0-1"]
[WhiteElo "2245"]
[BlackElo "2092"]
[PlyCount "34"]
[EventDate "2018.05.16"]

1. e4 d5 2. e5 c5 3. f4 Nc6 4. Nf3 e6 5. Be2 Be7 6. O-O Nh6 7. Kh1 Nf5 8. c3 h5
9. Na3 Qc7 10. d4 Bd7 11. Nb5 Qb6 12. dxc5 Bxc5 13. b4 Be3 14. a4 Bxc1 15. Qxc1
a5 16. Qd2 h4 17. Bd3 Ng3+ 0-1

[Event "27th CRO-Cup"]
[Site "Mali Losinj"]
[Date "2018.05.20"]
[Round "6.143"]
[White "Marjancevic, Slavko"]
[Black "Muraja, Zeljko"]
[Result "1-0"]
[WhiteElo "2023"]
[BlackElo "1722"]
[PlyCount "53"]
[EventDate "2018.05.16"]

1. e4 e5 2. Nf3 d6 3. h3 Nc6 4. Bb5 Bd7 5. O-O a6 6. Ba4 Nf6 7. Re1 Be7 8. c3
Na7 9. Bb3 Be6 10. d4 exd4 11. cxd4 d5 12. Nc3 c6 13. Ng5 O-O 14. Qc2 h6 15.
exd5 cxd5 16. Nxe6 fxe6 17. Rxe6 Kh8 18. Qg6 Qe8 19. Qxe8 Raxe8 20. Be3 Bd8 21.
Rxe8 Rxe8 22. Nxd5 Nb5 23. Rc1 Nd6 24. g4 Nxd5 25. Bxd5 Kh7 26. a4 Re7 27. Bf4
1-0